Oživená minulost : Dějiny archeologie v obrazech /

Saved in:
Bibliographic Details
Main Author: Ceram, C. W. (Author)
Format: Book
Language:Czech
Published: Praha: Orbis, 1971
Edition:1. vydanie
Series:Stopy. Fakta. Svědectví
Subjects:
Tags: Add Tag
No Tags, Be the first to tag this record!

MARC

LEADER 00000nam a22000003a 4500
001 0098776
003 SK-STU
005 20221202092756.7
007 ta
008 221202s ----xo-----e------000-0-----d
040 |a STU  |b slo 
041 0 |a cze 
044 |a xr 
100 1 |a Ceram, C. W.  |4 aut 
245 1 0 |a Oživená minulost :  |b Dějiny archeologie v obrazech /  |c aut. C. W Ceram 
250 |a 1. vydanie 
260 |a Praha:  |b Orbis,   |c 1971 
300 |a 349 s. 
490 0 |a Stopy. Fakta. Svědectví 
650 0 7 |a archeológia 
650 0 7 |a architektonické pamiatky 
996 |b 284AU09431  |c A* 12774/U  |l AAKNST  |s P  |a 0  |w 0098776_0001